Statistics for Countries Closest to United Kingdom - 30 Second Map Quiz

Click here to take the quiz!

General Stats

  • This quiz has been taken 76 times
  • The average score is 12 of 20

Answers on the Map

Answers color-coded by a green-red scale on the quiz's map according to % correct below.
 

Answer Stats

country% Correct
France
98%
Ireland
97%
Belgium
88%
Germany
88%
Norway
88%
Spain
86%
Netherlands
85%
Iceland
80%
Denmark
69%
Portugal
69%
Sweden
63%
Luxembourg
51%
Switzerland
46%
Italy
41%
Andorra
39%
Austria
31%
Monaco
27%
Poland
19%
Liechtenstein
15%
Czechia
14%

Score Distribution

Percentile by Number Answered

Percent of People with Each Score

Your Score History

You have not taken this quiz